| 000 | 00790nam a2200253 a 4500 | ||
|---|---|---|---|
| 001 | BRL_807 | ||
| 005 | 20190320210915.0 | ||
| 008 | 081013s1988----mx-#######---#000-0#spa-# | ||
| 020 | _a9681306708 | ||
| 041 | _aspa | ||
| 044 | _amx | ||
| 050 | 4 |
_aHM131 _b.B47 1988 |
|
| 100 | 1 |
_aBerne, Eric _924617 |
|
| 245 | 1 | 0 |
_aJuegos en que participamos _bsicología de las relaciones humanas _cEric Berne ; traducción de Patricio Escalante Guerra. |
| 260 |
_aMéxico _bDiana _c1988 |
||
| 300 |
_a198 p. _c21 cm. |
||
| 500 | _aAu920 | ||
| 500 | _aTraducción de: Games people play : The psychology of human relationships. | ||
| 650 | 1 | 4 |
_aRelaciones humanas _924618 |
| 650 | 1 | 4 |
_aInteracción social _924619 |
| 700 | 1 |
_aEscalante Guerra, Patricio _etr. _925002 |
|
| 902 | _aGRL | ||
| 942 |
_2lcc _cB |
||
| 999 |
_c9619 _d9619 |
||